Which AJR song is longer? - Statistics

General Stats
  • This quiz has been taken 59 times
  • The average score is 6 of 10
Answer Stats
Question Answer % Correct
Even longer songs. 2085
89%
Steve is hanging out ... in London. Steve's Going To London
73%
Don‘t throw out my Netflix. Don‘t Throw Out My Legos
70%
For their father and for Winter. God Is Really Real
59%
Reaching the 4 minutes mark. Karma
54%
Emotional songs. Normal
54%
Catchy tunes. The Good Part
54%
They aren't weak. But somehow, they are famous. Weak
43%
Even shorter songs. Big White Bed
38%
Some random stuff. Beats
19%
No matching quizzes found
Score Distribution
Percent of People with Each Score
Percentile by Number Answered
Your Score History
You have not taken this quiz